00546nam a2200193 a 4500001001300000003000900013005001700022008004100039020001000080082001800090100002100108245008100129260004900210300000900259500003500268505001000303650001800313700002100331nice12345678IN_TiNIC20260116012211.0050524s1960 mica grp 000 0 eng  ac10000a226.9505bBAX aBaxter, J Sidlow aMark These Menb Practical Studies in Striking Aspect of Certain Bible Chara aMichigan bZondervan Publishing House c1960 a192p aincludes index and biblioraphy2 aIndex aBible Stories1 aBaxter, J Sidlow